If you traveled West in a covered wagon / (Record no. 4993)
[ view plain ]
| 000 -LEADER | |
|---|---|
| fixed length control field | 00863nam a22002657a 4500 |
| 001 - CONTROL NUMBER | |
| control field | 4993 |
| 003 - CONTROL NUMBER IDENTIFIER | |
| control field | FISKH |
| 005 - DATE AND TIME OF LATEST TRANSACTION | |
| control field | 20250828151608.0 |
| 008 - FIXED-LENGTH DATA ELEMENTS--GENERAL INFORMATION | |
| fixed length control field | 241030b cb ||||| |||| 00| 0 eng d |
| 020 ## - INTERNATIONAL STANDARD BOOK NUMBER | |
| International Standard Book Number | 9780590451581 |
| 040 ## - CATALOGING SOURCE | |
| Original cataloging agency | FISKH |
| Language of cataloging | eng |
| Transcribing agency | FISKH |
| Modifying agency | FISKH |
| 050 ## - LIBRARY OF CONGRESS CALL NUMBER | |
| Classification number | F593 |
| 082 ## - DEWEY DECIMAL CLASSIFICATION NUMBER | |
| Classification number | 978.02 |
| 100 ## - MAIN ENTRY--PERSONAL NAME | |
| Personal name | Levine, Ellen |
| 245 ## - TITLE STATEMENT | |
| Title | If you traveled West in a covered wagon / |
| Statement of responsibility, etc. | By Ellen Levine : Illustrated By Elroy Freem |
| 250 ## - EDITION STATEMENT | |
| Edition statement | This edition first printing, September 2006 |
| 260 ## - PUBLICATION, DISTRIBUTION, ETC. | |
| Place of publication, distribution, etc. | New York : |
| Name of publisher, distributor, etc. | Scholastic , |
| Date of publication, distribution, etc. | 1986. |
| 300 ## - PHYSICAL DESCRIPTION | |
| Extent | 80 pages : |
| Other physical details | color illustrations ; |
| Dimensions | 20 cm . |
| 490 ## - SERIES STATEMENT | |
| Series statement | If you... (1850) |
| 520 ## - SUMMARY, ETC. | |
| Summary, etc. | Tells you what it was like to be a pioneer and travel west to Oregon in the 1840s. |
| 650 ## - SUBJECT ADDED ENTRY--TOPICAL TERM | |
| Topical term or geographic name entry element | Westward Expansion |
| Form subdivision | Non-Fiction |
| 700 ## - ADDED ENTRY--PERSONAL NAME | |
| Personal name | Freem, Elroy |
| Relator term | illustrator |
| 942 ## - ADDED ENTRY ELEMENTS (KOHA) | |
| Source of classification or shelving scheme | Dewey Decimal Classification |
| Koha item type | Books |
| Suppress in OPAC | No |
| Withdrawn status | Lost status | Source of classification or shelving scheme | Damaged status | Not for loan | Collection | Home library | Current library | Shelving location | Date acquired | Total Checkouts | Full call number | Barcode | Date last seen | Copy number | Price effective from | Koha item type |
|---|---|---|---|---|---|---|---|---|---|---|---|---|---|---|---|---|
| Dewey Decimal Classification | Non-Fiction | Footprints International School Library Network Toul Kork Campus | Footprints International School Library Network Toul Kork Campus | A TK Campus, 4th Floor, Room B401, Non-Fiction Bookcases(7-8) | 01/30/2025 | LEW 978.02 F593 | FISTK01555 | 01/30/2025 | 2 | 01/30/2025 | Books | |||||
| Dewey Decimal Classification | Non-Fiction | Footprints International School Library Network Toul Tom Poung Campus | Footprints International School Library Network Toul Tom Poung Campus | TTP Secondary Non-Fiction Bookshelves | 10/30/2024 | LEW 978.02 F593 | FIS04589 | 10/30/2024 | 1 | 10/30/2024 | Books | |||||
| Dewey Decimal Classification | Non-Fiction | Footprints International School Library Network Toul Tom Poung Campus | Footprints International School Library Network Toul Tom Poung Campus | TTP Secondary Non-Fiction Bookshelves | 06/20/2025 | LEW 978.02 F593 | 2025-1686 | 06/20/2025 | 3 | 06/20/2025 | Books | |||||
| Dewey Decimal Classification | Non-Fiction | Footprints International School Library Network Toul Tom Poung Campus | Footprints International School Library Network Toul Tom Poung Campus | TTP Secondary Non-Fiction Bookshelves | 08/28/2025 | LEW 978.02 F593 | FISTK01558 | 08/28/2025 | 4 | 08/28/2025 | Books | |||||
| Dewey Decimal Classification | Non-Fiction | Footprints International School Library Network Toul Tom Poung Campus | Footprints International School Library Network Toul Tom Poung Campus | TTP Secondary Non-Fiction Bookshelves | 10/30/2025 | LEW 978.02 F593 | FISTK01552 | 10/30/2025 | 5 | 10/30/2025 | Books |
